[Event "HUN-ch Rapid 2020"]
[Site "Ajka"]
[Date "2020.07.17"]
[Round "2.25"]
[White "Csonka, Balazs"]
[Black "Miszler, Levente"]
[Result "1-0"]
[WhiteElo "2498"]
[BlackElo "2268"]
[Annotator "TA"]
[PlyCount "55"]
[EventDate "2020.07.17"]
[EventType "rapid"]
[EventCountry "HUN"]
[SourceTitle "playchess.com"]
[Source "ChessBase"]
[SourceQuality "1"]

{[%evp 15,55,-5,0,0,0,-2,0,0,0,-18,0,-6,0,0,0,0,0,2,0,0,236,213,274,270,261,262,222,196,616,609,848,799,805,576,1407,1458,29986,29987,29981,5102,29982,29983]} 1. d4 e6 2. Nf3 Nf6 3. Bf4 d5 4. e3 c5 5. c3 Nc6 6. Nbd2 Bd6 7. Bg3 O-O 8. Bd3 b6 9. Qe2 {now supersedes 9.Ne5. D02: 1 d4 d5 2 Nf3 sidelines, including 2...Nf6 3 g3 and 2...Nf6 3 Bf4.} Bb7 10. Rd1 Re8 11. e4 {aiming for e5.The position is equal.} Be7 12. e5 Nh5 13. h4 Nxg3 14. fxg3 {[#] Hoping for Bxh7+!} f5 $146 ({Predecessor:} 14... Rf8 15. Bxh7+ Kxh7 16. Ng5+ Kh6 17. Qd3 g6 18. h5 Kg7 19. Nxe6+ fxe6 20. Qxg6+ Kh8 21. Qh6+ Kg8 22. Qg6+ Kh8 23. Qh6+ {½-½ (23) Esipenko,A (2609)-Alekseenko,K (2639) Sochi 2018}) 15. exf6 Bxf6 {[%cal Rc5d4]} 16. Ng5 Bxg5 {[#]} 17. Bxh7+ $1 {[%mdl 512]} Kf8 $2 (17... Kxh7 $11 {and Black is okay.} 18. hxg5+ Kg8) 18. hxg5 $18 {Strongly threatening Bg6.} Qxg5 19. O-O+ Ke7 20. dxc5 Rh8 21. Bf5 e5 $2 {[#]} (21... Rh6) 22. Ne4 $1 {[%mdl 512]} Qh6 (22... dxe4 23. Rd7+) 23. Rxd5 {White threatens Rd7+ and mate.} Rad8 24. Nd6 {Threatening mate with Rxe5+.} Qh2+ 25. Kf2 Rdf8 26. Rxe5+ Kd8 27. Nxb7+ Kc7 {[#]} 28. Nd6 $1 {Accuracy: White = 91%, Black = 51%.} 1-0

[Event "HUN-ch Rapid 2020"]
[Site "Ajka"]
[Date "2020.07.17"]
[Round "3.1"]
[White "Berkes, Ferenc"]
[Black "Csonka, Balazs"]
[Result "1/2-1/2"]
[WhiteElo "2661"]
[BlackElo "2498"]
[Annotator "TA"]
[PlyCount "25"]
[EventDate "2020.07.17"]
[EventType "rapid"]
[EventCountry "HUN"]
[SourceTitle "playchess.com"]
[Source "ChessBase"]
[SourceQuality "1"]

{[%evp 9,25,0,0,0,0,0,4,0,0,0,0,-39,-37,-25,-25,-33,-27,-52]} 1. d4 Nf6 2. Nf3 d5 3. Bf4 c5 4. e3 Nc6 5. Nbd2 Qb6 {[%cal Rc5d4]} 6. dxc5 {D02: 1 d4 d5 2 Nf3 sidelines, including 2...Nf6 3 g3 and 2...Nf6 3 Bf4.} Qxb2 7. Rb1 Qc3 8. Bd3 {The position is equal.} g6 9. O-O Bg7 {[#]} 10. e4 $146 ({Predecessor:} 10. Rb3 Qa5 11. c4 O-O 12. Qb1 Bg4 13. Rb5 Qa4 14. Rxb7 Bxf3 15. Nxf3 dxc4 16. Bc2 {1-0 (38) Kamsky,G (2674)-Donchenko,A (2646) chess.com INT 2020}) 10... dxe4 11. Nxe4 Nxe4 12. Bxe4 Qxc5 13. Be3 {White got outplayed after the opening} 1/2-1/2

[Event "HUN-ch Rapid 2020"]
[Site "Ajka"]
[Date "2020.07.17"]
[Round "3.2"]
[White "Varga, Peter"]
[Black "Almasi, Zoltan"]
[Result "1/2-1/2"]
[WhiteElo "2371"]
[BlackElo "2687"]
[Annotator "TA"]
[PlyCount "64"]
[EventDate "2020.07.17"]
[EventType "rapid"]
[EventCountry "HUN"]
[SourceTitle "playchess.com"]
[Source "ChessBase"]
[SourceQuality "1"]

{[%evp 11,64,70,79,63,63,64,72,69,65,81,69,78,85,82,80,52,101,33,81,76,103,106,116,112,106,87,107,83,112,94,137,83,82,89,196,211,210,204,210,172,172,0,160,145,165,139,145,144,163,114,136,0,172,172,172]} 1. d4 Nf6 2. c4 b6 3. Nc3 Bb7 4. Qc2 e6 5. e4 Bb4 6. Bd3 O-O 7. Nge2 {E32: Nimzo-Indian: Classical (4 Qc2): 4...0-0.} e5 8. d5 {[#]} ({Reject} 8. dxe5 Ng4 $11) 8... a5 $146 ({Predecessor:} 8... d6 9. O-O Nbd7 10. a3 Bxc3 11. Nxc3 a5 12. Bg5 h6 13. Bh4 g5 14. Bg3 Nh5 15. Be2 Ng7 16. Bg4 f5 17. Bxf5 Nxf5 18. exf5 Qf6 19. f3 Qxf5 20. Qxf5 Rxf5 {½-½ (20) Demeny,A (2145)-Kovacs,D (2040) Hungary 2005}) 9. O-O {White is better.} Na6 10. a3 Be7 11. Ng3 g6 12. Bh6 Re8 13. h3 d6 14. Rab1 (14. Qd2 $16) 14... Nd7 15. b4 axb4 16. axb4 Bg5 17. Bxg5 Qxg5 18. Qc1 Qh4 19. Nb5 Nf6 20. Qe3 Bc8 21. Rfc1 (21. Ra1 $142) 21... Bd7 $16 22. Nc3 Reb8 (22... Rec8 $16) 23. Rc2 $18 Bc8 24. Ra2 Bb7 25. Qd2 Re8 26. Qe3 $2 {[#]} (26. Nd1 $18) 26... Nd7 $2 (26... Reb8 $1 $11) 27. Nf1 Kg7 28. Qg3 Qe7 29. Ne3 {[#] Hoping for Nf5+.} Qf6 30. Nf5+ Kh8 31. Ne3 (31. Nh6 $16) 31... h5 $2 (31... Kg7 $1 $11 {and Black stays safe.}) 32. Nc2 Kg7 {Accuracy: White = 68%, Black = 59%.} 1/2-1/2

[Event "HUN-ch Rapid 2020"]
[Site "Ajka"]
[Date "2020.07.17"]
[Round "3.3"]
[White "Balogh, Csaba"]
[Black "Papp, Petra"]
[Result "1-0"]
[WhiteElo "2580"]
[BlackElo "2338"]
[Annotator "TA"]
[PlyCount "123"]
[EventDate "2020.07.17"]
[EventType "rapid"]
[EventCountry "HUN"]
[SourceTitle "playchess.com"]
[Source "ChessBase"]
[SourceQuality "1"]

{[%evp 9,123,16,13,9,20,18,16,31,19,6,16,3,89,89,97,18,25,18,66,65,98,27,22,6,10,-23,176,160,162,167,139,139,135,135,182,73,127,68,227,244,241,232,234,231,221,241,272,272,295,310,310,314,428,429,396,414,417,334,470,462,464,459,532,537,534,519,555,552,652,649,609,604,602,601,585,526,758,764,758,763,764,758,698,574,758,758,758,758,758,758,751,743,739,739,29973,29974,29973,29975,29975,29977,29977,29972,29974,29973,29973,29973,29980,29981,29983,29984,29987,29988,29988,29989,29989,29983]} 1. e4 c6 2. Nf3 d5 3. exd5 cxd5 4. Ne5 Nf6 5. d4 g6 6. Bb5+ {B10: Caro-Kann: 2 d3 and 2 c4.} Nbd7 7. O-O Bg7 8. Re1 {The position is equal.} O-O 9. Nc3 a6 10. Bf1 Nxe5 (10... e6 $11) 11. dxe5 $16 Ng4 {[#]} 12. Bf4 $146 ({Reject} 12. Qxd5 $6 Qb6 $11) (12. Nxd5 Be6 $11) (12. Qd4 $1 $16) ({Predecessor:} 12. Qd4 Be6 13. h3 Nh6 14. Bxh6 Bxh6 15. Rad1 Bf5 16. Qh4 Kg7 17. g4 g5 18. Qg3 Bxc2 19. Rxd5 {0-1 (62) Dintheer,W (2098)-Schiessl,S (1789) Bad Woerishofen 2003}) 12... d4 $11 13. Na4 Qa5 14. Qxd4 {Black must now prevent Nb6.} Bf5 15. Nc5 (15. b3 $16) 15... Rfd8 16. Qc4 b5 $1 {[%cal Rb5c4]} 17. Qb3 {h3 is the strong threat.} Rac8 $2 (17... Qb6 $1 $11 {and Black stays safe.} 18. h3 Qxc5 19. hxg4 Bxc2) 18. Nb7 $1 $18 {[%csl LRa5,LRd8][%cal Rb7a5]} Qb6 19. Nxd8 Qxf2+ 20. Kh1 Rxd8 21. Bg3 Qc5 {[%cal Rg7e5] [#]} 22. Qc3 (22. e6 $1 $18) 22... Qb6 ({Better is} 22... Qxc3 23. bxc3 Bh6) 23. h3 (23. Bd3 $16) 23... Nh6 $2 (23... Nf2+ $14 24. Bxf2 Qxf2) 24. Rad1 Rc8 25. Qd4 Qxd4 26. Rxd4 Bxc2 {Threatening ...Nf5.} 27. Bf4 {Strongly threatening Rc1.} Nf5 28. Rd2 g5 29. Bxg5 Ng3+ 30. Kg1 Ne4 {[#]} 31. Rxc2 $1 {[%mdl 576] Remove Defender} Rxc2 32. Rxe4 Rxb2 33. a3 f6 (33... Kf8 {keeps fighting.} 34. a4 Ke8 35. axb5 axb5) 34. exf6 exf6 35. Be3 f5 36. Re6 Rb3 {intending ...Rxe3.} 37. Bc5 a5 38. Rb6 Rc3 39. Rb8+ Kf7 40. Rb7+ Ke6 41. Rxg7 Rxc5 {[%mdl 4096] Endgame KRB-KR} 42. Rb7 Rc3 43. Rb6+ Kf7 44. Rxb5 Rxa3 45. Rxf5+ Kg6 46. Rb5 h6 47. Kf2 Kf6 48. Rb6+ Kg7 49. Ra6 Kh7 50. Bc4 Kg7 51. Bd5 Kh7 52. Be4+ {White mates.} Kg7 53. Rg6+ Kf7 54. Rxh6 a4 55. Bd5+ Kg7 56. Ra6 Ra1 57. h4 a3 58. h5 Rd1 59. h6+ Kh8 60. Be4 Rd8 61. Rxa3 Re8 62. Ra8 {Accuracy: White = 77%, Black = 44%.} 1-0

[Event "HUN-ch Rapid 2020"]
[Site "Ajka"]
[Date "2020.07.17"]
[Round "3.4"]
[White "Kiss, Pal"]
[Black "Balog, Imre"]
[Result "0-1"]
[WhiteElo "2266"]
[BlackElo "2567"]
[Annotator "TA"]
[PlyCount "86"]
[EventDate "2020.07.17"]
[EventType "rapid"]
[EventCountry "HUN"]
[SourceTitle "playchess.com"]
[Source "ChessBase"]
[SourceQuality "1"]

{[%evp 17,86,31,62,7,6,0,0,4,12,0,12,13,31,38,33,33,48,50,54,53,42,32,50,38,42,38,45,31,41,27,41,37,37,0,0,0,0,0,0,0,0,0,0,-108,-99,-134,-124,-119,-114,-237,-234,-264,-263,-311,-298,-326,-316,-370,-370,-365,-365,-345,-351,-522,-542,-462,-448,-491,-483,-464,-401]} 1. d4 Nf6 2. c4 g6 3. Nc3 Bg7 4. e4 d6 5. Nf3 O-O 6. Be2 c5 7. d5 e6 8. O-O exd5 9. exd5 Bg4 10. Ng5 {E91: King's Indian: Classical: 6 Be2, unusual replies including 6...c5 and 6...Bg4.} (10. h3 $14 Bxf3 11. Bxf3) 10... Bxe2 $11 11. Qxe2 Re8 12. Qc2 {[#] The position is equal.} Nbd7 $146 ({Predecessor:} 12... h6 13. Nge4 Nxe4 14. Nxe4 Qe7 15. f3 f5 16. Nc3 Nd7 17. Bf4 g5 18. Bg3 f4 {1-0 (49) Bernad Millan,I (1902)-Henriquez Garcia,D (2026) Tenerife 2016}) 13. Nf3 Ng4 14. Bg5 Qb6 15. b3 h6 16. Bd2 Re7 17. Rae1 Rae8 18. Rxe7 Rxe7 19. Re1 Rxe1+ 20. Bxe1 Qd8 21. h3 Nge5 22. Nxe5 Nxe5 23. Ne2 Qg5 {[#] aiming for ...Nf3+.} 24. Kf1 Nd7 25. Bc3 Bxc3 26. Qxc3 Qf5 27. Qc1 Qd3 28. Ke1 Ne5 29. f4 Nd7 30. Kf2 (30. Nc3 $11) 30... Nf6 $17 31. Ng3 {[#]} h5 $1 32. Qe3 Qb1 33. Nf1 {White does not recover from this.} (33. Kf3 $17) 33... Qxa2+ $19 34. Kg1 Qc2 35. Nd2 Kg7 36. Kh2 a6 37. Nf3 Qe4 38. Qd2 b5 39. Ng5 Qf5 40. Qe3 (40. g3 $142) 40... bxc4 {Black is clearly winning.} 41. bxc4 h4 42. Nf3 Nh5 43. Qc3+ Kg8 {Accuracy: White = 56%, Black = 100%.} 0-1

[Event "HUN-ch Rapid 2020"]
[Site "Ajka"]
[Date "2020.07.17"]
[Round "3.5"]
[White "Banusz, Tamas"]
[Black "Zentai, Peter"]
[Result "1-0"]
[WhiteElo "2628"]
[BlackElo "2304"]
[Annotator "TA"]
[PlyCount "101"]
[EventDate "2020.07.17"]
[EventType "rapid"]
[EventCountry "HUN"]
[SourceTitle "playchess.com"]
[Source "ChessBase"]
[SourceQuality "1"]

{[%evp 15,101,20,22,24,18,14,17,0,23,35,35,22,32,0,37,33,79,57,68,65,54,35,41,41,37,37,53,53,65,84,68,53,45,45,50,48,45,48,45,55,47,47,54,39,118,105,104,24,54,40,41,19,136,19,115,107,136,110,92,0,0,0,80,78,400,154,152,146,175,167,1233,1233,1748,366,364,347,319,309,499,487,370,296,1313,1298,12806,6442,1815,573]} 1. d4 d5 2. Nf3 Nf6 3. Bf4 c5 4. e3 e6 5. Nbd2 Bd6 6. dxc5 Bxc5 7. Bd3 O-O 8. O-O Nc6 9. c4 {D02: 1 d4 d5 2 Nf3 sidelines, including 2...Nf6 3 g3 and 2...Nf6 3 Bf4.} Bd6 10. Rc1 {[#]} Bxf4 $146 ({Predecessor:} 10... e5 11. Bg5 e4 12. Bxf6 Qxf6 13. Bxe4 dxe4 14. Nxe4 Bxh2+ 15. Kxh2 Qxb2 16. Qb3 Qxb3 17. axb3 {1-0 (52) Inarkiev,E (2679)-Hracek,Z (2557) Biograd 2018}) 11. exf4 {The position is equal.} Qd6 12. g3 Rd8 13. Qe2 b6 14. cxd5 exd5 (14... Qxd5 {feels hotter.} 15. Bc4 Qh5 16. Bb5 Ne7 17. Rfe1 Nfd5) 15. Ne5 Bb7 16. Nxc6 Bxc6 17. Qe5 Qd7 18. Qd4 Bb5 19. Bxb5 Qxb5 20. Rc7 Qe2 21. Kg2 Re8 22. Rfc1 h5 23. Nf3 Re4 $1 {[%cal Re4d4]} 24. Rc8+ Rxc8 25. Rxc8+ Re8 26. Rxe8+ Qxe8 27. Qe5 Qxe5 28. Nxe5 $14 {[%mdl 4096] Endgame KN-KN} Kf8 29. Kf3 a6 (29... Ke8 $14) 30. Ke3 $16 Ke7 31. Kd4 ({White should play} 31. f5 $1 $16) 31... Ke6 $11 32. f3 Ne8 33. g4 f6 (33... f5 $1 $11 {keeps the balance.}) 34. Nc6 (34. f5+ $16 Kd6 35. Nf7+ Ke7 36. Nh8) 34... hxg4 (34... f5 $11 {remains equal.}) 35. fxg4 $16 Kd6 36. Nb4 Nc7 37. Nd3 (37. h4 $16) 37... Ne6+ $11 38. Ke3 Nc5 {[#]} (38... g5 $11) 39. h4 $1 $16 g6 $2 {[%mdl 8192] Loses the game.} (39... f5 $16 40. g5 (40. gxf5 Ne4 $11) 40... Nxd3 41. Kxd3 g6) 40. Ne1 $2 (40. h5 $18 {and the rest is easy. Black must now prevent h6.} gxh5 41. gxh5) 40... Ne6 {[#]} 41. Nf3 $1 Ng7 42. Nd4 Kc5 $2 (42... f5) 43. f5 $18 gxf5 44. Nxf5 $2 (44. h5 Ne8 45. Nxf5 d4+ 46. Kd2) 44... Ne6 45. h5 Ng5 46. h6 b5 $2 (46... a5 {might work better.} 47. a3 a4) 47. Nd4 Kd6 48. Kf4 {Hoping for Kf5.} Kc5 $2 (48... Ke7 49. Kf5 Kf7) 49. Nf3 {White is clearly winning.} Nh7 50. Kf5 d4 51. Ke4 {Accuracy: White = 73%, Black = 48%.} (51. Kg6 $142 Nf8+ 52. Kxf6) 1-0

[Event "HUN-ch Rapid 2020"]
[Site "Ajka"]
[Date "2020.07.17"]
[Round "3.6"]
[White "Dobos, Jozsef"]
[Black "Papp, Gabor"]
[Result "1/2-1/2"]
[WhiteElo "2254"]
[BlackElo "2602"]
[Annotator "TA"]
[PlyCount "139"]
[EventDate "2020.07.17"]
[EventType "rapid"]
[EventCountry "HUN"]
[SourceTitle "playchess.com"]
[Source "ChessBase"]
[SourceQuality "1"]

{[%evp 9,139,-15,9,7,2,0,8,0,21,0,0,6,6,-2,53,56,62,59,56,41,67,62,58,-20,-14,-11,-4,-4,0,0,-10,-8,110,110,110,110,110,110,112,78,78,78,78,67,81,82,108,104,128,110,114,34,34,36,21,0,0,0,34,0,0,-10,-9,-27,-26,-45,0,-12,-8,-197,-208,-193,-194,-189,-137,-189,0,-189,-108,-162,-218,-229,-220,-202,-192,-191,-213,-204,-191,-190,-123,-224,-189,-14,-19,-19,-19,-201,-195,-138,0,-114,0,-96,-96,-36,-27,-112,-102,-175,-98,-92,-47,-47,-47,-48,0,0,0,0,0,0,8,8,8,8,13,0,0,0,0,0]} 1. g3 e5 2. Bg2 d5 3. d4 exd4 4. Nf3 Nf6 5. Nxd4 c5 6. Nb3 {[#] A00: Irregular Openings.} Nc6 $146 ({Predecessor:} 6... Be6 7. O-O Be7 8. Nc3 O-O 9. e4 dxe4 10. Nxe4 Nxe4 11. Bxe4 Nc6 12. Be3 c4 {1-0 (40) Rewitz,P (2283)-Petersen,S (2131) Skorping 2017}) 7. O-O Be7 8. Nc3 {[%cal Rc3d5]} Be6 (8... c4 $5 {[%cal Rc4b3]} 9. Nd4 O-O $11) 9. e4 d4 10. Ne2 $1 O-O 11. Nf4 c4 (11... Bg4 $11 12. f3 Bc8) 12. Nxe6 $14 fxe6 13. Nd2 $1 c3 14. Nb3 e5 15. bxc3 dxc3 16. Be3 ({Better is} 16. Qe2 $14) 16... Qxd1 $1 $11 17. Rfxd1 Nb4 18. Rdc1 $1 Ng4 19. a3 {[%cal Ba2a3,Ba3b4][%mdl 32]} Nxe3 20. fxe3 Bg5 (20... Nc6 $11) 21. axb4 $16 {Re1 is the strong threat.} Bxe3+ {[%mdl 64] Double Attack} 22. Kh1 Bxc1 23. Rxc1 b6 24. b5 a5 25. bxa6 $1 Rxa6 26. Bf1 Ra4 27. Bd3 Rf6 28. Kg2 Kf7 29. Re1 Ke7 30. Re3 ({White should try} 30. Rb1 $16) 30... Ra2 $14 31. Nc1 Rb2 32. Nb3 Rd6 33. Rf3 g5 34. Nc1 b5 {[%cal Bb6b5,Bb5b4][%mdl 32]} 35. Kf2 Rb1 36. Ne2 b4 37. Ke3 {Hoping for Rf5.} Rd1 {[%mdl 1024] Black has compensation.} 38. Bc4 {Black must now prevent Rf5.} R6d2 39. Bb3 $2 {[#]} (39. Rf5 $11 Kd6 40. Rf8 (40. Rxg5 $2 Re1 $19)) 39... Re1 $1 $19 {[%csl Gd2][%cal Re1e2][%mdl 512]} 40. Rf2 g4 $1 41. Rf7+ Ke8 (41... Kd6 $19 {[%csl Gd2][%cal Re1e2]} 42. Rf6+ Kc5) 42. Rf2 $17 Ke7 43. Rf7+ Kd6 {[%csl Gd2][%cal Re1e2]} 44. Rf2 h5 (44... Kc5 $142 45. Ba4 h5) 45. Ba4 $19 Kc5 46. Bb3 Kb5 47. Rg2 Kb6 48. Rf2 Kc7 49. Rg2 Kd7 (49... Rf1 $19 {[%csl Gg4][%cal Rf1f3]} 50. Rf2 Re1) 50. Rf2 (50. Ba4+ $17 {keeps fighting.} Ke6 51. Rf2) 50... Ke7 51. Rf7+ Ke8 {[%csl Gd2][%cal Re1e2]} 52. Rf2 Kd8 53. Rf8+ Kc7 {[%csl Gd2][%cal Re1e2]} 54. Rf7+ {[#]} Kb6 (54... Kb8 $1 $17 {[%csl Gd2][%cal Re1e2]} 55. Rf2 Ka7) 55. Rf6+ (55. Rf2 $11 {was the only way to keep the balance.}) 55... Kc5 {[%csl Gd2][%cal Re1e2]} 56. Rf2 Rh1 57. Ba4 Kb6 58. Bb3 (58. Rf6+ $1 $11 Ka5 59. Bb3) 58... Kb5 59. Rg2 {[#]} (59. Rf5 $17) 59... Rf1 (59... Rdd1 $1 $19 60. Rf2 Rhe1) 60. Rf2 $17 Rdd1 61. Rf5 {[%mdl 64] Double Attack} Kc6 62. Bc4 Kd6 (62... Rxf5 {looks sharper.} 63. exf5 Rf1 64. Ke4 Rf2 65. f6 Kd6) 63. Nxc3 $1 {The position is equal.} Rxf5 64. Nxd1 Rf3+ 65. Ke2 h4 66. Ne3 hxg3 67. hxg3 {Strongly threatening Bd5.} Kc5 {aiming for ...Rxe3+!} 68. Be6 Kd4 69. Nxg4 Rxg3 70. Nf2 {Accuracy: White = 78%, Black = 77%.} 1/2-1/2

[Event "HUN-ch Rapid 2020"]
[Site "Ajka"]
[Date "2020.07.17"]
[Round "3.7"]
[White "Erdos, Viktor"]
[Black "Nemeth, Zoltan"]
[Result "1-0"]
[WhiteElo "2618"]
[BlackElo "2210"]
[Annotator "TA"]
[PlyCount "51"]
[EventDate "2020.07.17"]
[EventType "rapid"]
[EventCountry "HUN"]
[SourceTitle "playchess.com"]
[Source "ChessBase"]
[SourceQuality "1"]

{[%evp 15,51,21,13,24,17,17,19,27,80,47,112,115,150,112,246,235,234,227,260,258,355,335,332,333,374,381,658,459,439,441,541,526,525,489,481,386,797,784]} 1. Nf3 d5 2. g3 e6 3. Bg2 Nf6 4. O-O Be7 5. c4 O-O 6. d4 dxc4 7. Qc2 a6 8. a4 $1 {8.a4 is better than 8.Qxc4.} Bd7 9. Rd1 {E05: Open Catalan: 5 Nf3 Be7.} Bc6 10. Bg5 Be4 11. Qxc4 {[#] The position is equal.} b5 $146 (11... Nc6 $11 {keeps the balance.}) ({Predecessor:} 11... a5 12. Nc3 Bxf3 13. Bxf3 c6 14. e4 Nbd7 15. Be3 Bb4 16. Qe2 Qe7 17. Na2 Rfd8 {1-0 (57) Esipenko,A (2642)-Atabayev,S (2425) Moscow 2019}) 12. Qc1 b4 (12... Nbd7 $14) 13. Nbd2 $16 Bd5 14. Bxf6 gxf6 (14... Bxf6 $16 15. Qc2 Ra7) 15. e4 $18 Bb7 16. d5 e5 17. Bh3 Bc8 18. Bxc8 Qxc8 19. Nh4 Kh8 20. Nf5 Qd8 $2 (20... Re8 21. Qc2 Qd7) 21. Nc4 {[#] aiming for d6.} Bd6 22. Qe3 ({Not} 22. Qh6 Rg8 $18) 22... a5 23. Rac1 Rg8 24. Ncxd6 cxd6 25. Rc4 Qd7 $2 {[#]} (25... Rg5 26. Qf3 Na6) 26. Rdc1 {Black got outplayed after the opening. Accuracy: White = 74%, Black = 21%.} 1-0

[Event "HUN-ch Rapid 2020"]
[Site "Ajka"]
[Date "2020.07.17"]
[Round "3.8"]
[White "Hardicsay, Peter"]
[Black "Antal, Gergely"]
[Result "0-1"]
[WhiteElo "2205"]
[BlackElo "2571"]
[Annotator "TA"]
[PlyCount "94"]
[EventDate "2020.07.17"]
[EventType "rapid"]
[EventCountry "HUN"]
[SourceTitle "playchess.com"]
[Source "ChessBase"]
[SourceQuality "1"]

{[%evp 10,94,20,11,38,-18,-29,-34,9,-8,-6,-14,-27,-27,-23,-29,0,-8,-12,4,41,0,0,-52,-15,-43,-20,-90,-80,-95,-50,-74,-79,-127,-73,-201,-197,-180,-185,-175,-132,-128,-115,-165,-168,-283,-272,-360,-372,-361,-349,-381,-389,-387,-387,-397,-397,-390,-389,-483,-479,-474,-448,-431,-392,-444,-440,-441,-455,-450,-454,-422,-432,-369,-238,-229,-183,-175,-178,-171,-177,-1411,-906,-5627,-1975,-1691,-1637]} 1. d4 Nf6 2. Nf3 g6 3. g3 Bg7 4. Bg2 d5 5. O-O c6 6. c4 dxc4 {D73: Fianchetto Grünfeld: 5 Nf3 .} 7. Ne5 (7. Qc2 $14) 7... Ng4 $11 8. Nf3 Be6 $5 {[%mdl 4] Black is slightly better. Leaves trodden paths.} 9. Nc3 O-O {[#]} 10. h3 $146 ({Predecessor:} 10. e4 Na6 11. h3 Nf6 12. Ng5 Bc8 13. Be3 h6 14. Nf3 b5 15. Ne5 Bb7 16. f4 Nd7 17. Nf3 {½-½ (81) De Los Santos Nunez,E (2104)-Mendez,R (2042) Santo Domingo 2015}) 10... Nf6 11. Ng5 Bc8 12. e4 h6 13. Nf3 b5 14. Re1 Bb7 15. Bf4 {[%mdl 1024] White has compensation.} Nbd7 16. g4 (16. e5 $11 Nd5 17. Nxd5 cxd5 18. e6) 16... a6 17. a3 Re8 18. Qc2 (18. e5 $11 Nd5 19. Nxd5 cxd5 20. e6 fxe6 21. Rxe6) 18... e6 $17 19. Rad1 Qb6 20. Qc1 g5 21. Bg3 Rad8 (21... c5 $142 22. Qe3 cxd4 23. Nxd4 Nc5) 22. Bd6 (22. h4 $17 {was called for.}) 22... c5 $19 {Threatens to win with ...cxd4.} 23. e5 cxd4 24. Nxd4 {aiming for Bxb7.} Bxg2 25. Kxg2 {[#]} Nh7 $1 26. Qe3 Nhf8 27. Qe4 (27. Nc2 {only move.}) 27... Ng6 28. Qc6 Qxc6+ 29. Nxc6 Rc8 30. Nb4 Ndxe5 31. Bxe5 Nxe5 32. Nxa6 Nd3 {[%mdl 64] [#] Double Attack} 33. Re3 Nxb2 34. Rb1 Nd3 35. Nxb5 Nf4+ 36. Kf3 {Now Nd6 and White clings on.} c3 {White must now prevent ...c2.} 37. Nd6 c2 38. Rc1 Bb2 39. Rxc2 Rxc2 40. Nxe8 Bd4 41. Nb4 Rb2 42. Nd3 Nxd3 43. Rxd3 Rxf2+ 44. Kg3 Rf4 45. Rf3 $2 (45. Kg2) 45... Be5 {Black is clearly winning.} 46. Rxf4 gxf4+ (46... Kf8 $142 47. Kf3 gxf4) 47. Kf3 Kf8 {Accuracy: White = 42%, Black = 73%.} 0-1

[Event "HUN-ch Rapid 2020"]
[Site "Ajka"]
[Date "2020.07.17"]
[Round "3.9"]
[White "Nagy, Gabor"]
[Black "Martini, Balazs"]
[Result "1-0"]
[WhiteElo "2502"]
[BlackElo "2339"]
[Annotator "TA"]
[PlyCount "105"]
[EventDate "2020.07.17"]
[EventType "rapid"]
[EventCountry "HUN"]
[SourceTitle "playchess.com"]
[Source "ChessBase"]
[SourceQuality "1"]

{[%evp 15,105,0,2,0,2,0,12,-9,5,8,8,0,0,0,8,-14,-13,-18,0,4,19,22,20,18,45,18,13,14,0,17,20,24,28,14,30,23,39,32,36,-83,-73,-129,-133,-149,-154,-121,-141,-150,-147,-270,-301,-450,-448,-446,-451,-472,-423,-513,-482,-657,-664,-729,-684,-685,-500,-475,-381,-689,-600,-562,565,577,562,573,570,516,516,537,1000,1000,1035,1026,992,983,1042,1042,1042,1042,29988,29989,29988,29989]} 1. d4 Nf6 2. Nf3 g6 3. Bg5 Bg7 4. Nbd2 d5 5. e3 O-O 6. c3 Nbd7 7. Bd3 b6 8. O-O Bb7 9. a4 {Nowadays more popular than 9.Qb1. D03: 1 d4 d5 2 Nf3 Nf6 3 Bg5, including Torre Attack with early ...d5.} c5 10. Bh4 Ne4 {[#]} 11. Be2 $146 {The position is equal.} ({Predecessor:} 11. Qe2 h6 12. Rfd1 Qe8 13. Ba6 Bxa6 14. Qxa6 g5 15. Bg3 Nxg3 16. hxg3 e6 17. Qe2 {1-0 (46) Studenetsky,A-Berggreen,A ICCF corr 1974}) 11... Bf6 12. Bxf6 Ndxf6 13. Ne5 Nxd2 14. Qxd2 Ne4 15. Qe1 f6 16. Nd3 Qc7 17. Nf4 {Threatening Ne6.} Qd6 18. f3 Ng5 19. Qg3 e5 20. Nd3 {[%cal Rd4e5]} Nf7 21. dxc5 bxc5 22. b4 cxb4 23. cxb4 a5 24. b5 Qb6 25. Qf2 Rac8 26. Rfc1 Nd6 {[%cal Bf7d6,Bd6f5,Bf5d4,Bd4b3][%mdl 32]} 27. h4 {[#]} (27. e4 $14 {stays ahead.} Qxf2+ 28. Kxf2) 27... Nf5 $1 $17 28. e4 ({White should play} 28. Nb2) 28... Nd4 29. Bf1 dxe4 30. fxe4 Bxe4 31. Nb2 Qe6 32. Nc4 (32. Nd3 $17) 32... Nb3 $1 $19 {[%csl LRa1,LRc1][%mdl 64] Double Attack} 33. Re1 (33. Qe3 $142 Nxc1 34. Qxe4) 33... Rxc4 34. Bxc4 Qxc4 35. Rad1 Bd5 36. h5 Nd4 37. h6 Qxa4 38. b6 Qc6 39. Rb1 Rb8 40. Rec1 Qe6 {[#] White must now prevent ...Qg4.} 41. Rc7 $2 (41. b7 $1 {[%mdl 512]} Rxb7 42. Rxb7 Bxb7 43. Rc7) 41... Rxb6 42. Rbc1 {White wants to mate with Rg7+.} Qg4 $4 {[%mdl 8192]} (42... Bc6 $19 {avoids the disaster.} 43. Rg7+ Kh8) 43. Rc8+ $18 Kf7 {Threatens to win with ...Ne2+.} 44. R1c7+ Ke6 45. Re8+ Kd6 {( -> ...Ne2+)} 46. Qxf6+ {[%mdl 64] Double Attack} Kxc7 {[%csl Gd5][%cal Rg4g2]} 47. Re7+ {[%mdl 64] Double Attack} Qd7 48. Rxd7+ Kxd7 49. Qxb6 Nc6 50. Qb7+ Kd6 51. Qxh7 a4 52. Qxg6+ Kc5 53. h7 {White used his chance. Accuracy: White = 59%, Black = 75%.} 1-0